Music Quiz

Random Music or Song Quiz

Vanessa Carlton's Complete Discography Quiz Stats

Quiz not verified by Sporcle

Challenge
Share
Tweet
Embed
Score 0/95 Timer 15:00
0 Plays Today
Album Song % Correct
SingleCall Your Girlfriend
100%
Be Not NobodyA Thousand Miles
96.2%
Ordinary Day - SingleA Thousand Miles (Live)
96.2%
Ordinary Day - SingleA Thousand Miles (Piano-Vocal)
96.2%
Hear the Bells - EPA Thousand Miles (Acoustic Version)
96.2%
Be Not NobodyRinse
92.3%
Be Not NobodyPrince
92.3%
Be Not NobodyPaint It Black
92.3%
HarmoniumWhite Houses
92.3%
Heroes & ThievesNolita Fairytale
92.3%
Be Not NobodyOrdinary Day
88.5%
Be Not NobodyUnsung
88.5%
Be Not NobodySway
88.5%
Be Not NobodyTwilight
88.5%
A Thousand Miles - SingleTwilight (Live)
88.5%
Ordinary Day - SingleOrdinary Day (Piano-Vocal)
88.5%
LibermanWillows
88.5%
LibermanOperator
88.5%
Liberman [Deluxe]Willows (Live Living Room Session)
88.5%
Liberman [Deluxe]Operator (Live Living Room Session)
88.5%
Be Not NobodyPretty Baby
84.6%
Be Not NobodyParadise
84.6%
A Thousand Miles - SingleParadise (Piano-Vocal)
84.6%
Hard CandyBig Yellow Taxi
84.6%
HarmoniumAnnie
84.6%
Heroes & ThievesHands On Me
84.6%
Heroes & ThievesSpring Street
84.6%
Heroes & ThievesMy Best
84.6%
Heroes & ThievesThe One
84.6%
Heroes & ThievesHeroes & Thieves
84.6%
Rabbits On the RunCarousel
84.6%
Rabbits On the RunLondon
84.6%
Album Song % Correct
Rabbits On the Run [Deluxe]Carousel (Live Acoustic)
84.6%
Rabbits On the Run [Deluxe]London (Live Acoustic)
84.6%
24 Karat Gold: Songs From the VaultCarousel
84.6%
LibermanBlue Pool
84.6%
LibermanRiver
84.6%
Liberman [Deluxe]Blue Pool (Live Living Room Session)
84.6%
Liberman [Deluxe]River (Live Living Room Session)
84.6%
Promo SingleDark Carnival
80.8%
HarmoniumWho's to Say
80.8%
HarmoniumAfterglow
80.8%
HarmoniumPrivate Radio
80.8%
HarmoniumC'est La Vie
80.8%
HarmoniumPapa
80.8%
White Houses - SinglePapa (Live)
80.8%
White Houses - SingleC'est La Vie (Live)
80.8%
Heroes & ThievesCome Undone
80.8%
Heroes & ThievesThis Time
80.8%
Heroes & ThievesFools Like Me
80.8%
Heroes & ThievesHome
80.8%
Heroes & ThievesMore Than This
80.8%
The Soundstage SessionsCircle Dance
80.8%
Rabbits On the RunI Don't Want to Be a Bride
80.8%
Rabbits On the RunFairweather Friend
80.8%
Rabbits On the RunHear the Bells
80.8%
Rabbits On the RunDear California
80.8%
Rabbits On the RunIn the End
80.8%
Hear the Bells - EPHear the Bells
80.8%
Hear the Bells - EPHappy Xmas (War Is Over)
80.8%
NegativityIn Our Time
80.8%
LibermanTake It Easy
80.8%
LibermanHouse of Seven Swords
80.8%
LibermanNothing Where Something Used to Be
80.8%
Album Song % Correct
LibermanMatter of Time
80.8%
LibermanUnlock the Lock
80.8%
LibermanAscension
80.8%
Liberman [Deluxe]Take It Easy (Live Living Room Session)
80.8%
Liberman [Deluxe]House of Seven Swords (Original Demo)
80.8%
Liberman [Deluxe]Unlock the Lock (Live Living Room Session)
80.8%
Liberman [Deluxe]Nothing Where Something Used to Be (Live Living Room Session)
80.8%
SingleNothing Where Something Used to Be (Steve Osborne Remix)
80.8%
Be Not NobodyWanted
76.9%
A Thousand Miles - SingleWanted (Ripe Mix)
76.9%
A Thousand Miles - SingleRed Ditty
76.9%
Ordinary Day - SingleSwindler
76.9%
Maybe This ChristmasGreensleeves
76.9%
American DreamsWishin' and Hopin'
76.9%
UnreleasedAll I Ask
76.9%
HarmoniumSan Francisco
76.9%
HarmoniumHalf a Week Before the Winter
76.9%
HarmoniumShe Floats
76.9%
HarmoniumWhere the Streets Have No Name
76.9%
HarmoniumThe Wreckage
76.9%
Zu & Co.Everybody's Got to Learn Sometime
76.9%
Promo SingleLove Revolution
76.9%
Rabbits On the RunTall Tales For Spring
76.9%
Rabbits On the RunGet Good
76.9%
Rabbits On the RunThe Marching Line
76.9%
Rabbits On the Run [Deluxe]Tall Tales For Spring (Live Acoustic)
76.9%
Hear the Bells - EPDo You Hear What I Hear?
76.9%
Website ReleasePatience
76.9%
SingleI'll Wait For You
76.9%
SingleYoung Heart
76.9%
Zu & Co.Indaco Dagli Occhi Del Cielo
42.3%

You're not logged in!

Compare scores with friends on all Sporcle quizzes.
Sign Up with Email
OR
Log In

You Might Also Like...

Show Comments

Extras

Top Quizzes Today


Score Distribution

Your Account Isn't Verified!

In order to create a playlist on Sporcle, you need to verify the email address you used during registration. Go to your Sporcle Settings to finish the process.

Report this User

Report this user for behavior that violates our Community Guidelines.

Details: